| 000 | 00951nmc a2200325 a 4500 | ||
|---|---|---|---|
| 003 | AR-BaBNM | ||
| 005 | 20251128205710.0 | ||
| 008 | 011101s1996 ||||||||||||||000 | spa|| | ||
| 020 | _a84-277-1103-4 | ||
| 040 | _cAR-BaBNM | ||
| 100 | 1 | _aLlopis Pla, Carmen | |
| 245 | 1 | 0 | _aCiencias sociales, geografía e historia en secundaria |
| 260 |
_aMadrid _bNarcea _c1996 |
||
| 300 |
_a264 p. _btablas, il., gráfs. |
||
| 490 | 0 | _aSecundaria para todos | |
| 504 | _aBibliografía p. 253-262 | ||
| 650 | 4 | _aCIENCIAS SOCIALES | |
| 650 | 4 | _aENSENANZA DE LA GEOGRAFIA | |
| 650 | 4 | _aENSENANZA DE LA HISTORIA | |
| 650 | 4 | _aMETODOS DE ENSENANZA | |
| 650 | 4 | _aMATERIAL DIDACTICO | |
| 650 | 4 | _aPRAXIS EDUCATIVA | |
| 650 | 4 | _aPSICOLOGIA DE LA EDUCACION | |
| 650 | 4 | _aPROYECTOS EDUCACIONALES | |
| 653 | _aINVESTIGACION EDUCATIVA | ||
| 653 | _aPROCESO DE ENSENANZA-APRENDIZAJE | ||
| 653 | _aDISENO CURRICULAR | ||
| 942 | _cBK | ||
| 998 | _cMariana | ||
| 999 |
_c12456 _d12456 |
||